[Event "Novi Sad ol (Men)"]
[Site "Novi Sad"]
[Date "1990.??.??"]
[Round "3"]
[White "Milos, Gilberto"]
[Black "Velimirovic, Dragoljub"]
[Result "1-0"]
[WhiteElo "2540"]
[BlackElo "2535"]
[PlyCount "83"]
[EventDate "1990.11.17"]
[EventType "swiss ()"]
[EventRounds "14"]
[EventCountry "YUG"]
[Source "ChessBase"]
[SourceDate "1994.03.01"]
[WhiteTeamCountry "YUG"]
[BlackTeamCountry "YUG"]

1. c4 c5 2. Nf3 Nc6 3. e3 Nf6 4. Nc3 g6 5. d4 Bg7 6. d5 Na5 7. Bd3 d6 8. O-O
O-O 9. Bd2 a6 10. Rb1 b5 11. b3 b4 12. Ne2 Nb7 13. Ng3 a5 14. a4 e5 15. dxe6
fxe6 16. Qc2 Qe7 17. Ng5 Nd8 18. f4 Nf7 19. Nf3 Bb7 20. e4 e5 21. f5 Bh6 22.
Bxh6 Nxh6 23. Qd2 Qg7 24. Ng5 Bc8 25. Bc2 Ra6 26. Rf3 Kh8 27. Rbf1 Nhg8 28.
fxg6 Qxg6 29. Nf5 Bxf5 30. exf5 Qe8 31. Rh3 Qd7 32. g4 d5 33. cxd5 Rd6 34. Ne6
Rf7 35. g5 Rxd5 36. Rd3 c4 37. bxc4 Rxd3 38. Qxd3 Ng4 39. Qxd7 Rxd7 40. f6 Rf7
41. Re1 h6 42. Bg6 1-0

[Event "Novi Sad ol (Men)"]
[Site "Novi Sad"]
[Date "1990.??.??"]
[Round "6"]
[White "Brunner, Lucas"]
[Black "Velimirovic, Dragoljub"]
[Result "0-1"]
[WhiteElo "2475"]
[BlackElo "2535"]
[PlyCount "120"]
[EventDate "1990.11.17"]
[EventType "swiss ()"]
[EventRounds "14"]
[EventCountry "YUG"]
[Source "ChessBase"]
[SourceDate "1994.03.01"]
[WhiteTeamCountry "YUG"]
[BlackTeamCountry "YUG"]

1. e4 c5 2. Nf3 d6 3. d4 cxd4 4. Nxd4 Nf6 5. Nc3 g6 6. Bc4 Bg7 7. h3 O-O 8. Bb3
Nc6 9. Be3 Na5 10. O-O b6 11. Nd5 Bb7 12. Nxf6+ Bxf6 13. Qd3 Nxb3 14. axb3 d5
15. exd5 Qxd5 16. f3 Rfd8 17. Rfd1 a6 18. Qe2 Qh5 19. Qf1 Rd6 20. c3 Rad8 21.
Ne2 Qb5 22. Rxd6 Rxd6 23. Rd1 Qxb3 24. Rxd6 exd6 25. Qc1 b5 26. Bd4 Be5 27. Qd2
Qe6 28. Kf2 Qf5 29. Qe3 Bd5 30. f4 Bxd4 31. Nxd4 Qf6 32. g4 Qh4+ 33. Qg3 Qd8
34. Qe3 Kf8 35. Kg3 Ba8 36. h4 Qc7 37. f5 Qb7 38. Kf4 Qh1 39. fxg6 hxg6 40. Kg5
Kg7 41. Kf4 Qxh4 42. Qg1 Qf6+ 43. Ke3 Qe5+ 44. Kd2 a5 45. g5 b4 46. Kc2 Bd5 47.
Kd2 Qf4+ 48. Kc2 b3+ 49. Kd3 Qe4+ 50. Kd2 a4 51. Qa1 Qf4+ 52. Kd3 Qg3+ 53. Kd2
Qxg5+ 54. Kd3 Qg3+ 55. Kd2 Be4 56. Qxa4 Qf2+ 57. Ne2 Bd5 58. Qb4 Qf6 59. Ke3 g5
60. Qa5 Bc4 0-1

[Event "Novi Sad ol (Men)"]
[Site "Novi Sad"]
[Date "1990.??.??"]
[Round "7"]
[White "Velimirovic, Dragoljub"]
[Black "Damaso, Rui"]
[Result "1/2-1/2"]
[WhiteElo "2535"]
[BlackElo "2390"]
[PlyCount "40"]
[EventDate "1990.11.17"]
[EventType "swiss ()"]
[EventRounds "14"]
[EventCountry "YUG"]
[Source "ChessBase"]
[SourceDate "1994.03.01"]
[WhiteTeamCountry "YUG"]
[BlackTeamCountry "YUG"]

1. e4 e6 2. d4 d5 3. Nc3 Bb4 4. e5 c5 5. a3 Bxc3+ 6. bxc3 Ne7 7. Qg4 O-O 8. Bd3
f5 9. Qh3 Qa5 10. Bd2 Qa4 11. dxc5 Nd7 12. Ne2 Nxe5 13. f4 Ng4 14. Qh4 Nf6 15.
Be3 e5 16. Rb1 e4 17. Bb5 Qxc2 18. O-O a6 19. Rfc1 Qa2 20. Ra1 Qb2 1/2-1/2

[Event "Novi Sad ol (Men)"]
[Site "Novi Sad"]
[Date "1990.??.??"]
[Round "9"]
[White "Petursson, Margeir"]
[Black "Velimirovic, Dragoljub"]
[Result "1-0"]
[WhiteElo "2550"]
[BlackElo "2535"]
[PlyCount "111"]
[EventDate "1990.11.17"]
[EventType "swiss ()"]
[EventRounds "14"]
[EventCountry "YUG"]
[Source "ChessBase"]
[SourceDate "1994.03.01"]
[WhiteTeamCountry "YUG"]
[BlackTeamCountry "YUG"]

1. d4 Nf6 2. c4 c5 3. d5 g6 4. Nc3 Bg7 5. e4 O-O 6. Bg5 d6 7. Be2 Qa5 8. Bd2
Re8 9. Nf3 e6 10. O-O exd5 11. exd5 Bg4 12. h3 Bxf3 13. Bxf3 Nbd7 14. Qc2 a6
15. Rae1 Rxe1 16. Rxe1 Re8 17. Rxe8+ Nxe8 18. b3 Qd8 19. Bd1 Qe7 20. Qe4 Kf8
21. Qxe7+ Kxe7 22. g4 Nef6 23. Kg2 Ng8 24. Bc2 Ngf6 25. f4 Ne8 26. Bd3 Nc7 27.
Ne4 Bd4 28. Ng3 Ne8 29. a4 Bb2 30. h4 Ng7 31. h5 gxh5 32. gxh5 h6 33. f5 Nf6
34. Be2 Ng8 35. Bg4 b6 36. a5 bxa5 37. Kf3 Be5 38. Ne4 Ne8 39. Bxa5 Nef6 40.
Bd2 Nxe4 41. Kxe4 Bg7 42. Bd1 Bb2 43. Be2 Ba3 44. Bf4 Bb4 45. Kd3 Be1 46. f6+
Nxf6 47. Bxh6 Bh4 48. Bf4 Nd7 49. Ke4 Bf6 50. Bg4 Ne5 51. Bh3 a5 52. Bf1 Bh8
53. Be2 Kf6 54. Bd2 Bg7 55. Bxa5 Bh6 56. Bd8+ 1-0

[Event "Novi Sad ol (Men)"]
[Site "Novi Sad"]
[Date "1990.??.??"]
[Round "10"]
[White "Cramling, Pia"]
[Black "Velimirovic, Dragoljub"]
[Result "1/2-1/2"]
[WhiteElo "2505"]
[BlackElo "2535"]
[PlyCount "92"]
[EventDate "1990.11.17"]
[EventType "swiss ()"]
[EventRounds "14"]
[EventCountry "YUG"]
[Source "ChessBase"]
[SourceDate "1994.03.01"]
[WhiteTeamCountry "YUG"]
[BlackTeamCountry "YUG"]

1. d4 Nf6 2. c4 c5 3. d5 g6 4. Nc3 Bg7 5. e4 d6 6. h3 O-O 7. Nf3 e6 8. Bd3 exd5
9. cxd5 Re8 10. O-O a6 11. a4 Nbd7 12. Re1 Qc7 13. Bf4 Nh5 14. Bh2 Ne5 15. Be2
Nf6 16. Nd2 g5 17. Bxe5 Rxe5 18. Nf3 Re8 19. Nxg5 h6 20. Nf3 Nxe4 21. Bd3 Nf6
22. Rxe8+ Nxe8 23. Qd2 Nf6 24. Nh4 Bd7 25. Ra3 Re8 26. a5 Qc8 27. Na4 Ne4 28.
Qf4 Ng5 29. Nb6 Re1+ 30. Kh2 Qe8 31. Nxd7 Qxd7 32. Qf5 Qxf5 33. Nxf5 Be5+ 34.
g3 Rd1 35. Kg2 Rd2 36. Nxh6+ Kf8 37. h4 Bxb2 38. Rb3 Rxd3 39. Rxb2 Ne4 40. Rxb7
f6 41. Rb8+ Kg7 42. Nf5+ Kh7 43. Rb7+ Kh8 44. Ne7 Kh7 45. Nf5+ Kh8 46. Ne7 Kh7
1/2-1/2

[Event "Novi Sad ol (Men)"]
[Site "Novi Sad"]
[Date "1990.??.??"]
[Round "14"]
[White "Velimirovic, Dragoljub"]
[Black "Sisniega, Marcel"]
[Result "0-1"]
[WhiteElo "2535"]
[BlackElo "2495"]
[PlyCount "40"]
[EventDate "1990.11.17"]
[EventType "swiss ()"]
[EventRounds "14"]
[EventCountry "YUG"]
[Source "ChessBase"]
[SourceDate "1994.03.01"]
[WhiteTeamCountry "YUG"]
[BlackTeamCountry "YUG"]

1. e4 e5 2. Nf3 Nf6 3. Nxe5 d6 4. Nf3 Nxe4 5. d3 Nf6 6. d4 Be7 7. h3 c6 8. c4
Na6 9. Nc3 O-O 10. Be3 d5 11. c5 b6 12. Qa4 Nb8 13. Bd3 bxc5 14. dxc5 Nfd7 15.
Qc2 Nxc5 16. Bxh7+ Kh8 17. O-O-O Nba6 18. a3 g6 19. Bxg6 fxg6 20. Qxg6 {#} Nb3+
0-1

[Event "YUG-Cup qual"]
[Site "Arandjelovac"]
[Date "1991.??.??"]
[Round "5"]
[White "Velimirovic, Dragoljub"]
[Black "Strikovic, Aleksa"]
[Result "1-0"]
[WhiteElo "2520"]
[BlackElo "2495"]
[PlyCount "47"]
[EventDate "1991.??.??"]
[EventType "team"]
[EventRounds "5"]
[EventCountry "YUG"]
[Source "ChessBase"]
[SourceDate "1994.03.01"]
[WhiteTeamCountry "YUG"]
[BlackTeamCountry "YUG"]

1. e4 c5 2. Nf3 e6 3. d4 cxd4 4. Nxd4 a6 5. c4 Nf6 6. Nc3 Qc7 7. a3 Nc6 8. Be3
Ne5 9. Be2 Ng6 10. O-O Nf4 11. Bf3 Be7 12. Rc1 O-O 13. c5 d5 14. c6 dxe4 15.
Nxe4 N4d5 16. Qb3 Rd8 17. Rfd1 Rb8 18. Nf5 Nxe4 19. Nxe7+ Qxe7 20. Bxe4 Qc7 21.
Ba7 Ra8 22. Bb6 Nxb6 23. cxb7 Rxd1+ 24. Qxd1 1-0

[Event "YUG-ch"]
[Site "Kladovo"]
[Date "1991.??.??"]
[Round "1"]
[White "Velimirovic, Dragoljub"]
[Black "Sandic, Vladeta"]
[Result "1-0"]
[WhiteElo "2520"]
[BlackElo "2365"]
[PlyCount "122"]
[EventDate "1991.02.??"]
[EventType "swiss"]
[EventRounds "13"]
[EventCountry "YUG"]
[Source "ChessBase"]
[SourceDate "1994.03.01"]
[WhiteTeamCountry "YUG"]
[BlackTeamCountry "YUG"]

1. e4 d5 2. exd5 Nf6 3. c4 c6 4. d4 cxd5 5. Nc3 e6 6. Nf3 Be7 7. cxd5 Nxd5 8.
Bd3 Nc6 9. O-O O-O 10. Re1 Nf6 11. a3 b6 12. Ne5 Bb7 13. Ba6 Qc8 14. Bxb7 Qxb7
15. Qf3 Rfc8 16. Bg5 Nd8 17. Rad1 Qxf3 18. Nxf3 Nc6 19. d5 exd5 20. Nd4 Ne4 21.
Nxe4 dxe4 22. Bxe7 Nxe7 23. Rxe4 Kf8 24. Kf1 a6 25. g4 Ra7 26. Rd3 Rac7 27. Nf3
Nc6 28. g5 Re7 29. Rc4 Na7 30. Rh4 Kg8 31. Nd4 f6 32. gxf6 gxf6 33. Nf5 Rec7
34. Rd6 Kf7 35. Rxb6 Kg6 36. Ne3 Rc6 37. Rbb4 f5 38. Rhf4 Rf6 39. Rbc4 Rxc4 40.
Rxc4 Nb5 41. a4 Nd6 42. Rc6 Ne4 43. Rc2 Rd6 44. Ke2 Re6 45. f4 Rb6 46. Kd3 a5
47. Kd4 Rb4+ 48. Ke5 Nf6 49. Rg2+ Ng4+ 50. Nxg4 fxg4 51. Rxg4+ Kf7 52. Rg3 Rxa4
53. Rb3 Rc4 54. Rb7+ Kg8 55. f5 Rc6 56. h4 a4 57. h5 h6 58. f6 Rc2 59. Kf5 Rg2
60. Rg7+ Rxg7 61. fxg7 Kxg7 1-0

[Event "YUG-ch"]
[Site "Kladovo"]
[Date "1991.??.??"]
[Round "2"]
[White "Mitkov, Nikola"]
[Black "Velimirovic, Dragoljub"]
[Result "1/2-1/2"]
[WhiteElo "2370"]
[BlackElo "2520"]
[PlyCount "129"]
[EventDate "1991.02.??"]
[EventType "swiss"]
[EventRounds "13"]
[EventCountry "YUG"]
[Source "ChessBase"]
[SourceDate "1994.03.01"]
[WhiteTeamCountry "YUG"]
[BlackTeamCountry "YUG"]

1. e4 c5 2. Nc3 Nc6 3. Nf3 g6 4. d4 cxd4 5. Nxd4 Bg7 6. Be3 Nf6 7. Nxc6 bxc6 8.
e5 Nd5 9. Nxd5 cxd5 10. Qxd5 Rb8 11. Bxa7 Rxb2 12. Bd4 Rb8 13. Bc4 O-O 14. O-O
Bb7 15. Qc5 d6 16. Qa3 Qc8 17. Be2 dxe5 18. Be3 Qxc2 19. Rfe1 Qc6 20. Bf1 Qe6
21. Qa7 Bd5 22. a4 e4 23. Rab1 Ra8 24. Rb6 Rxa7 25. Rxe6 Bxe6 26. Bxa7 Ra8 27.
Bc5 Rxa4 28. Bxe7 Bd4 29. h3 f5 30. Rd1 Kf7 31. Bg5 Bb3 32. Rb1 Bc2 33. Bb5
Bxb1 34. Bxa4 Ba2 35. Bb5 Ke6 36. Kf1 Kd5 37. Be8 Bc4+ 38. Ke1 Bc3+ 39. Kd1 Ke6
40. g3 Bf1 41. h4 Bd4 42. Ke1 Bc4 43. Bd2 Be5 44. Bc6 Bd6 45. Bg5 Bb4+ 46. Kd1
Ke5 47. Ba4 Ke6 48. Bc6 Bc3 49. Be8 Bf1 50. Ba4 Kf7 51. Bh6 Bg2 52. Bb3+ Kf6
53. Ke2 Bf3+ 54. Kf1 Be5 55. Bg8 Bd6 56. Bb3 Bg4 57. Bg8 Bd1 58. Kg2 Be2 59.
Kg1 Bb5 60. Kg2 Bc6 61. Kg1 Be8 62. Bc4 Bf7 63. Bg5+ Kg7 64. Bh6+ Kg8 65. Bb5
1/2-1/2

[Event "YUG-ch"]
[Site "Kladovo"]
[Date "1991.??.??"]
[Round "4"]
[White "Lazic, Miroljub"]
[Black "Velimirovic, Dragoljub"]
[Result "1/2-1/2"]
[WhiteElo "2400"]
[BlackElo "2520"]
[PlyCount "103"]
[EventDate "1991.02.??"]
[EventType "swiss"]
[EventRounds "13"]
[EventCountry "YUG"]
[Source "ChessBase"]
[SourceDate "1994.03.01"]
[WhiteTeamCountry "YUG"]
[BlackTeamCountry "YUG"]

1. e4 c5 2. c3 e6 3. d4 d5 4. e5 Nc6 5. Nf3 Nge7 6. Bd3 Nf5 7. dxc5 Bxc5 8. O-O
h6 9. b4 Be7 10. b5 Na5 11. Nd4 g6 12. Nxf5 exf5 13. Qa4 Be6 14. Rd1 b6 15. c4
Rc8 16. Bb2 Nxc4 17. Bxc4 Rxc4 18. Qxa7 O-O 19. Nd2 Rc2 20. Bd4 Bc5 21. Qa4
Bxd4 22. Qxd4 Qc7 23. Nb3 Ra8 24. Rd2 Rc4 25. Qb2 Raa4 26. a3 f4 27. f3 Rc3 28.
h3 Qxe5 29. Kh2 Re3 30. Qxe5 Rxe5 31. Rd4 Rc4 32. a4 Re3 33. Rxc4 dxc4 34. Nd4
Bd5 35. a5 bxa5 36. Rxa5 Rd3 37. Nc6 Kg7 38. Nb4 Rd2 39. Nxd5 Rxd5 40. Ra4 c3
41. b6 Rb5 42. Rc4 Rxb6 43. Rxc3 g5 44. Rc4 Kg6 45. Ra4 Rb5 46. Rc4 Re5 47. Ra4
h5 48. Rb4 Kf5 49. Rb7 f6 50. Rb6 Ra5 51. Kg1 Ke5 52. Kf2 1/2-1/2

[Event "YUG-ch"]
[Site "Kladovo"]
[Date "1991.??.??"]
[Round "5"]
[White "Velimirovic, Dragoljub"]
[Black "Rakic, Tomislav"]
[Result "1-0"]
[WhiteElo "2520"]
[BlackElo "2405"]
[PlyCount "95"]
[EventDate "1991.02.??"]
[EventType "swiss"]
[EventRounds "13"]
[EventCountry "YUG"]
[Source "ChessBase"]
[SourceDate "1994.03.01"]
[WhiteTeamCountry "YUG"]
[BlackTeamCountry "YUG"]

1. e4 g6 2. d4 Bg7 3. Nc3 d6 4. f4 Nf6 5. e5 dxe5 6. dxe5 Qxd1+ 7. Kxd1 Ng4 8.
Ke1 h5 9. Nf3 c6 10. Bd3 Na6 11. Bxa6 bxa6 12. h3 Nh6 13. Kf2 f6 14. Re1 Bf5
15. Nd4 fxe5 16. Nxc6 Bxc2 17. fxe5 Bd3 18. Bg5 Nf7 19. Bxe7 Kd7 20. Rad1 Kxc6
21. Rxd3 Nxe5 22. Rd5 Rab8 23. Rdxe5 Rxb2+ 24. Kf3 Bxe5 25. Rxe5 Rc2 26. Ne4
Rh7 27. Ng5 Rg7 28. a3 Rc3+ 29. Kf4 Rc4+ 30. Ne4 Rc2 31. g3 Rc4 32. Kg5 Rg8 33.
Bb4 Rd4 34. Nf6 Rh8 35. Kxg6 h4 36. g4 Rd3 37. Rc5+ Kb6 38. Rc3 Rhd8 39. Rxd3
Rxd3 40. Kh5 Rxh3 41. g5 Rh1 42. Ng4 h3 43. Bd6 Rd1 44. Bh2 Kb5 45. g6 Rd5+ 46.
Kh4 Rd8 47. Nf6 Ka4 48. g7 1-0

[Event "YUG-ch"]
[Site "Kladovo"]
[Date "1991.??.??"]
[Round "6"]
[White "Djukic, Zeljko"]
[Black "Velimirovic, Dragoljub"]
[Result "1/2-1/2"]
[WhiteElo "2420"]
[BlackElo "2520"]
[PlyCount "53"]
[EventDate "1991.02.??"]
[EventType "swiss"]
[EventRounds "13"]
[EventCountry "YUG"]
[Source "ChessBase"]
[SourceDate "1994.03.01"]
[WhiteTeamCountry "YUG"]
[BlackTeamCountry "YUG"]

1. d4 Nf6 2. c4 c5 3. d5 g6 4. Nc3 Bg7 5. e4 d6 6. h3 O-O 7. Bd3 e6 8. Nf3 exd5
9. exd5 Re8+ 10. Be3 Bh6 11. O-O Bxe3 12. fxe3 Qe7 13. Rf2 Nbd7 14. Qd2 Rf8 15.
Raf1 Ne8 16. e4 f6 17. Qf4 Ne5 18. Nxe5 Qxe5 19. Qxe5 dxe5 20. g4 Bd7 21. Kh2
h6 22. a3 Kg7 23. b4 Rc8 24. b5 Nd6 25. Kg3 Rf7 26. Nd1 Rcf8 27. Ne3 1/2-1/2

[Event "YUG-ch"]
[Site "Kladovo"]
[Date "1991.??.??"]
[Round "7"]
[White "Velimirovic, Dragoljub"]
[Black "Ivanovic, Bozidar"]
[Result "1/2-1/2"]
[WhiteElo "2520"]
[BlackElo "2535"]
[PlyCount "33"]
[EventDate "1991.02.??"]
[EventType "swiss"]
[EventRounds "13"]
[EventCountry "YUG"]
[Source "ChessBase"]
[SourceDate "1994.03.01"]
[WhiteTeamCountry "YUG"]
[BlackTeamCountry "YUG"]

1. e4 e5 2. Nf3 Nc6 3. Bb5 a6 4. Ba4 Nf6 5. O-O Be7 6. Bxc6 dxc6 7. d3 Nd7 8.
Nbd2 O-O 9. Nc4 f6 10. Nh4 Rf7 11. Nf5 Bf8 12. Qg4 Kh8 13. h4 Nb6 14. Nxb6 cxb6
15. h5 b5 16. Be3 b6 17. f4 1/2-1/2

[Event "YUG-ch"]
[Site "Kladovo"]
[Date "1991.??.??"]
[Round "8"]
[White "Gligoric, Svetozar"]
[Black "Velimirovic, Dragoljub"]
[Result "1/2-1/2"]
[WhiteElo "2455"]
[BlackElo "2520"]
[PlyCount "23"]
[EventDate "1991.02.??"]
[EventType "swiss"]
[EventRounds "13"]
[EventCountry "YUG"]
[Source "ChessBase"]
[SourceDate "1994.03.01"]
[WhiteTeamCountry "YUG"]
[BlackTeamCountry "YUG"]

1. d4 Nf6 2. c4 c5 3. d5 g6 4. Nc3 d6 5. Nf3 Bg7 6. g3 O-O 7. Bg2 e5 8. O-O Ng4
9. e4 Nh6 10. Rb1 Na6 11. a3 Bd7 12. b4 1/2-1/2

[Event "YUG-ch"]
[Site "Kladovo"]
[Date "1991.??.??"]
[Round "9"]
[White "Velimirovic, Dragoljub"]
[Black "Dzevlan, Miralem"]
[Result "1-0"]
[WhiteElo "2520"]
[BlackElo "2405"]
[PlyCount "73"]
[EventDate "1991.02.??"]
[EventType "swiss"]
[EventRounds "13"]
[EventCountry "YUG"]
[Source "ChessBase"]
[SourceDate "1994.03.01"]
[WhiteTeamCountry "YUG"]
[BlackTeamCountry "YUG"]

1. e4 c5 2. Nf3 d6 3. d4 cxd4 4. Nxd4 Nf6 5. Nc3 Nbd7 6. Bg5 h6 7. Bxf6 Nxf6 8.
Bc4 a6 9. Qe2 g6 10. O-O-O e5 11. Nf3 Qc7 12. Kb1 Be7 13. Nd2 Be6 14. Bb3 Kf8
15. Nf1 Kg7 16. Ne3 b5 17. Rhf1 Rhf8 18. Ncd5 Nxd5 19. Nxd5 Bxd5 20. Bxd5 Rac8
21. f4 Bf6 22. f5 Qb6 23. fxg6 fxg6 24. Qg4 Qc7 25. c3 h5 26. Qg3 a5 27. Rf3 b4
28. Qe1 a4 29. c4 Qb6 30. Qd2 a3 31. Rb3 axb2 32. Rxb4 Qd8 33. Be6 Rc6 34. Rb7+
Be7 35. Qd5 Rc7 36. c5 Kh6 37. Rxc7 1-0

[Event "YUG-ch"]
[Site "Kladovo"]
[Date "1991.??.??"]
[Round "10"]
[White "Barlov, Dragan"]
[Black "Velimirovic, Dragoljub"]
[Result "1-0"]
[WhiteElo "2505"]
[BlackElo "2520"]
[PlyCount "115"]
[EventDate "1991.02.??"]
[EventType "swiss"]
[EventRounds "13"]
[EventCountry "YUG"]
[Source "ChessBase"]
[SourceDate "1994.03.01"]
[WhiteTeamCountry "YUG"]
[BlackTeamCountry "YUG"]

1. e4 e5 2. Nf3 Nc6 3. Bb5 a6 4. Ba4 Nf6 5. Qe2 Be7 6. c3 b5 7. Bb3 O-O 8. O-O
d6 9. a4 Na5 10. Bc2 Be6 11. axb5 axb5 12. d4 Bc4 13. Bd3 Bxd3 14. Qxd3 Nc4 15.
Rxa8 Qxa8 16. b3 d5 17. Qe2 Na5 18. Bg5 dxe4 19. Nxe5 Qd5 20. b4 Nc6 21. Nxc6
Qxc6 22. Re1 Re8 23. Qe3 Bf8 24. Bxf6 Qxf6 25. Nd2 Re6 26. Qg3 Qh6 27. Nf1 Bd6
28. Qg4 Qf4 29. Qxf4 Bxf4 30. Ra1 f5 31. g3 Bh6 32. Ra5 Rb6 33. d5 Rb7 34. Ra6
Kf7 35. Rc6 Ke7 36. g4 fxg4 37. Ng3 Bf4 38. Nxe4 Kd7 39. Nc5+ Kc8 40. Nxb7 Kxb7
41. Kg2 Be5 42. c4 bxc4 43. Rxc4 h5 44. Rc6 g5 45. b5 Bf4 46. h3 Ka7 47. hxg4
hxg4 48. Rg6 Kb7 49. Kf1 g3 50. fxg3 Bxg3 51. Rxg5 Bd6 52. Rg2 Kb6 53. Rc2 Bc5
54. Ke2 Kxb5 55. Kd3 Bb6 56. Ke4 Bc5 57. Kf5 Kb6 58. Rb2+ 1-0

[Event "YUG-ch"]
[Site "Kladovo"]
[Date "1991.??.??"]
[Round "11"]
[White "Velimirovic, Dragoljub"]
[Black "Brkovic, Zoran"]
[Result "1-0"]
[WhiteElo "2520"]
[BlackElo "2375"]
[PlyCount "125"]
[EventDate "1991.02.??"]
[EventType "swiss"]
[EventRounds "13"]
[EventCountry "YUG"]
[Source "ChessBase"]
[SourceDate "1994.03.01"]
[WhiteTeamCountry "YUG"]
[BlackTeamCountry "YUG"]

1. e4 e6 2. d4 d5 3. exd5 exd5 4. Nf3 Nf6 5. h3 c5 6. Nc3 Nc6 7. Bb5 Be7 8.
dxc5 O-O 9. O-O Bxc5 10. Bg5 Be6 11. Qd2 Be7 12. Rad1 Rc8 13. Rfe1 a6 14. Bxc6
bxc6 15. Nd4 Bd7 16. Qd3 a5 17. Re2 h6 18. Bh4 Bb4 19. Nf5 Bxf5 20. Qxf5 Qd7
21. Qf3 Nh7 22. Na4 Rce8 23. c4 Rxe2 24. Qxe2 Qe6 25. Qxe6 fxe6 26. Bg3 Nf6 27.
f3 Nd7 28. Bf2 Rf4 29. b3 Rf7 30. Kf1 Ne5 31. Bd4 Nd7 32. Be3 Ne5 33. Bd4 Nd7
34. Ke2 Re7 35. Be3 Nf6 36. g4 h5 37. Bd4 hxg4 38. hxg4 Rb7 39. Rc1 Nd7 40. Be3
Kf7 41. cxd5 cxd5 42. Rc6 Nb8 43. Rc8 Nd7 44. Nb2 e5 45. Nd3 d4 46. Bc1 Ra7 47.
Rc6 Rb7 48. Bg5 Rb5 49. Bh4 Nf6 50. a4 Rd5 51. Nxb4 axb4 52. Kd3 Rd8 53. g5 Rh8
54. Rc7+ Kf8 55. gxf6 Rxh4 56. fxg7+ Kg8 57. a5 Rh6 58. Re7 Rf6 59. Rxe5 Rxf3+
60. Kc4 Kxg7 61. Rd5 Kf6 62. Rxd4 Ke5 63. Rd1 1-0

[Event "YUG-ch"]
[Site "Kladovo"]
[Date "1991.??.??"]
[Round "12"]
[White "Tosic, Miroslav"]
[Black "Velimirovic, Dragoljub"]
[Result "1-0"]
[WhiteElo "2455"]
[BlackElo "2520"]
[PlyCount "97"]
[EventDate "1991.02.??"]
[EventType "swiss"]
[EventRounds "13"]
[EventCountry "YUG"]
[Source "ChessBase"]
[SourceDate "1994.03.01"]
[WhiteTeamCountry "YUG"]
[BlackTeamCountry "YUG"]

1. d4 Nf6 2. c4 c5 3. d5 d6 4. Nc3 g6 5. e4 Bg7 6. Be2 O-O 7. Nf3 e5 8. Nd2 Ne8
9. g4 f5 10. gxf5 gxf5 11. Rg1 f4 12. Bg4 Na6 13. Nf3 Bxg4 14. Rxg4 Nac7 15.
Bd2 a6 16. a4 b6 17. Ke2 b5 18. axb5 axb5 19. Rxa8 Qxa8 20. cxb5 Nxb5 21. Nxb5
Qa6 22. Bc3 Qxb5+ 23. Qd3 Qd7 24. Rg1 Kh8 25. Ng5 Rf6 26. Ne6 Qa4 27. f3 c4 28.
Qd1 Qa7 29. Qf1 Qe3+ 30. Kd1 Rf7 31. Kc2 Ra7 32. Rg2 Ra1 33. Qxc4 Qxf3 34. Qe2
Qh3 35. Ng5 Qd7 36. Qc4 Ra4 37. b4 Bh6 38. Qc6 Ra7 39. Ne6 Qf7 40. Kb3 Re7 41.
Ra2 f3 42. Be1 Be3 43. Bf2 Bxf2 44. Rxf2 Qh5 45. Qc8 Qg4 46. Qd8 Qxe4 47. Qxe7
Qb1+ 48. Ka4 Qd1+ 49. Ka5 1-0

[Event "Vrnjacka Banja"]
[Site "Vrnjacka Banja"]
[Date "1991.??.??"]
[Round "1"]
[White "Mitkov, Nikola"]
[Black "Velimirovic, Dragoljub"]
[Result "1/2-1/2"]
[WhiteElo "2370"]
[BlackElo "2520"]
[PlyCount "55"]
[EventDate "1991.04.??"]
[EventType "tourn"]
[EventRounds "15"]
[EventCountry "YUG"]
[EventCategory "9"]
[Source "ChessBase"]
[SourceDate "1991.08.01"]
[WhiteTeamCountry "YUG"]
[BlackTeamCountry "YUG"]

1. e4 c5 2. Nc3 Nc6 3. f4 e6 4. Nf3 d5 5. Bb5 Nf6 6. e5 Ng8 7. Bxc6+ bxc6 8. b3
Ba6 9. d3 Nh6 10. O-O c4 11. Kh1 cxd3 12. cxd3 Be7 13. Be3 Nf5 14. Bf2 d4 15.
Ne4 O-O 16. Qc2 Qd5 17. Rfe1 Rad8 18. Rad1 Rd7 19. h3 Rfd8 20. Kh2 Qb5 21. g4
Ne3 22. Bxe3 dxe3 23. Rxe3 c5 24. Nf2 Qb6 25. Rde1 Bb7 26. Ne4 Ba6 27. Nf2 Bb7
28. Ne4 1/2-1/2

[Event "Vrnjacka Banja"]
[Site "Vrnjacka Banja"]
[Date "1991.??.??"]
[Round "2"]
[White "Velimirovic, Dragoljub"]
[Black "Kaspi, Alexander"]
[Result "1-0"]
[WhiteElo "2520"]
[BlackElo "2390"]
[Annotator "King,D"]
[PlyCount "81"]
[EventDate "1991.04.??"]
[EventType "tourn"]
[EventRounds "15"]
[EventCountry "YUG"]
[EventCategory "9"]
[Source "ChessBase"]
[SourceDate "1991.08.01"]
[WhiteTeamCountry "YUG"]
[BlackTeamCountry "YUG"]

1. e4 d5 2. exd5 Qxd5 3. Nc3 Qa5 4. d4 Nf6 5. Nf3 c6 6. Bc4 Bf5 7. O-O e6 8.
Ne2 Bd6 9. Ng3 Bg4 (9... Bg6 {Better than 9...Bg4. If white goes chasing the
bishop with 10.Nh4, then black may consider castling queenside, as the h-file
opens.}) 10. h3 Bxf3 11. Qxf3 Nbd7 12. c3 O-O (12... O-O-O $5) 13. Bd3 $14 Rfe8
14. Re1 Rac8 15. Bd2 Qc7 16. Ne4 Nxe4 17. Rxe4 Nf8 18. Rae1 b5 19. h4 Nd7 20.
h5 Qd8 21. R4e2 a5 22. Be4 Qc7 23. g4 h6 24. g5 hxg5 25. Bxg5 Be7 26. Bf4 Bd6
27. Bg5 Be7 28. Bxe7 Rxe7 29. Kh1 Nf6 30. Rg1 Nxe4 31. Rxe4 f5 32. Re5 Qd8 33.
Rg6 Rf7 34. Rexe6 c5 35. d5 Qh4+ 36. Kg2 Rd8 37. d6 b4 38. h6 Rdd7 39. Rg3 f4
40. h7+ Kf8 41. Qa8+ 1-0

[Event "Vrnjacka Banja"]
[Site "Vrnjacka Banja"]
[Date "1991.??.??"]
[Round "3"]
[White "Topalov, Veselin"]
[Black "Velimirovic, Dragoljub"]
[Result "1-0"]
[WhiteElo "2455"]
[BlackElo "2520"]
[Annotator "Schussler"]
[PlyCount "51"]
[EventDate "1991.04.??"]
[EventType "tourn"]
[EventRounds "15"]
[EventCountry "YUG"]
[EventCategory "9"]
[Source "ChessBase"]
[SourceDate "1991.08.01"]
[WhiteTeamCountry "YUG"]
[BlackTeamCountry "YUG"]

1. d4 c5 2. d5 Nf6 3. Nc3 g6 4. e4 d6 5. Nf3 Bg7 6. Bb5+ $5 Nfd7 7. a4 Na6 8.
O-O Nc7 9. Bc4 O-O 10. Re1 a6 11. Bf4 Rb8 12. Qd3 $14 b5 $6 13. axb5 Nb6 14.
bxa6 $1 $16 Nxc4 15. Qxc4 Rxb2 16. a7 Ba6 17. Rxa6 Nxa6 18. Na4 Rb4 19. Qxa6
Qc8 20. Nxc5 $1 Bc3 (20... dxc5 21. Qxc8 Rxc8 22. Bb8 Ra4 23. e5 $18) 21. Rd1
dxc5 22. Qc6 Kg7 23. h3 Qxc6 24. dxc6 Rc8 25. c7 e5 26. Rd8 1-0

[Event "Vrnjacka Banja"]
[Site "Vrnjacka Banja"]
[Date "1991.??.??"]
[Round "4"]
[White "Velimirovic, Dragoljub"]
[Black "Davies, Nigel"]
[Result "1-0"]
[WhiteElo "2520"]
[BlackElo "2500"]
[Annotator "King,D"]
[PlyCount "61"]
[EventDate "1991.04.??"]
[EventType "tourn"]
[EventRounds "15"]
[EventCountry "YUG"]
[EventCategory "9"]
[Source "ChessBase"]
[SourceDate "1991.08.01"]
[WhiteTeamCountry "YUG"]
[BlackTeamCountry "YUG"]

1. e4 d6 2. d4 g6 3. Nc3 Bg7 4. f4 Nc6 5. Bb5 {5.Bb5! N.  A significant
novelty. Black finds it very difficult to counter   successfully in the centre,
and goes down to a beautiful attack.} a6 6. Bxc6+ bxc6 7. Nf3 f5 8. e5 $16 Nh6
9. Qe2 e6 10. Be3 O-O 11. O-O-O Bd7 12. h3 Qb8 13. g4 Qb4 14. a3 Qb7 15. g5 Nf7
16. h4 Rfb8 17. b3 c5 18. h5 cxd4 19. hxg6 hxg6 20. Nxd4 c5 21. Nxf5 exf5 22.
Qh2 Bc6 23. Qh7+ Kf8 24. Rh2 Qe7 25. Qxg6 Rd8 26. e6 Bxc3 27. Rh7 Be8 28. Rdh1
Ra7 29. Bd2 Bd4 30. c3 Nh6 31. Qxh6+ 1-0